[Event "AUT-ch U14"]
[Site "St Veit"]
[Date "2016.05.16"]
[Round "6"]
[White "Sereinig, David"]
[Black "Faderbauer, Noah"]
[Result "1/2-1/2"]
[WhiteElo "1460"]
[BlackElo "1593"]
[PlyCount "67"]
[EventDate "2016.05.14"]
[EventType "swiss"]
[EventRounds "7"]
[EventCountry "AUT"]
[SourceTitle "CBM 172 Extra"]
[Source "ChessBase"]
[SourceDate "2016.06.21"]
[SourceVersion "1"]
[SourceVersionDate "2016.06.21"]
[SourceQuality "1"]

1. e4 e5 2. d4 exd4 3. Nf3 Nc6 4. Nxd4 Bc5 5. Be3 Qf6 6. Nf5 Bxe3 7. Nxe3 Qxb2 8. Nd2 Qf6 9. Nd5 Qd8 10. Qg4 g6 11. Qf3 d6 12. Qc3 f6 13. Bc4 Ne5 14. Bb3 c6 15. Nf4 Qe7 16. 0-0 Bd7 17. Nc4 Nxc4 18. Bxc4 g5 19. Nh5 Bg4 20. Ng3 0-0-0 21. Nf5 Bxf5 22. exf5 h5 23. Rfe1 Qg7 24. Be6+ Kb8 25. Rab1 Ka8 26. Rb3 Ne7 27. Ra3 Nd5 28. Bxd5 cxd5 29. Qa5 b6 30. Qxd5+ Qb7 31. Qxb7+ Kxb7 32. Re7+ Kb8 33. Raxa7 Rhe8 34. h3 1/2-1/2

[Event "AUT-ch U14"]
[Site "St Veit"]
[Date "2016.05.14"]
[Round "1"]
[White "Peyrer, Konstantin"]
[Black "Sereinig, David"]
[Result "1-0"]
[WhiteElo "1857"]
[BlackElo "1460"]
[PlyCount "73"]
[EventDate "2016.05.14"]
[EventType "swiss"]
[EventRounds "7"]
[EventCountry "AUT"]
[SourceTitle "CBM 172 Extra"]
[Source "ChessBase"]
[SourceDate "2016.06.21"]
[SourceVersion "1"]
[SourceVersionDate "2016.06.21"]
[SourceQuality "1"]

1. e4 e6 2. d3 Nc6 3. Nf3 d5 4. Qe2 dxe4 5. dxe4 e5 6. g3 Nf6 7. Bg2 Be7 8. 0-0 0-0 9. Rd1 Bd6 10. Nbd2 Qe7 11. Nc4 Rd8 12. Nxd6 Rxd6 13. Bg5 Bg4 14. c3 h6 15. Bxf6 Rxf6 16. h3 Be6 17. Nd2 Qc5 18. Nb3 Qb6 19. Qc2 Rg6 20. Kh2 Ne7 21. f4 f5 22. fxe5 fxe4 23. Nd4 Bd5 24. c4 Bc6 25. Nxc6 Nxc6 26. Qxe4 Re6 27. Qd5 Nb4 28. Qxb7 Qxb7 29. Bxb7 Rb8 30. Bg2 Rxe5 31. Rd2 Re3 32. a3 Nd3 33. b4 Ne5 34. b5 Rc3 35. Rd4 Rc2 36. Kg1 Nxc4 37. Rxc4 1-0

[Event "AUT-ch U12"]
[Site "Woerth"]
[Date "2014.06.10"]
[Round "7"]
[White "Kristoferitsch, Daniel"]
[Black "Sereinig, David"]
[Result "1/2-1/2"]
[WhiteElo "1377"]
[BlackElo "1227"]
[PlyCount "108"]
[EventDate "2014.06.07"]
[EventType "swiss"]
[EventRounds "7"]
[EventCountry "AUT"]
[SourceTitle "EXT 2016"]
[Source "ChessBase"]
[SourceDate "2015.10.08"]
[SourceVersion "1"]
[SourceVersionDate "2015.10.08"]
[SourceQuality "1"]

1. d4 d5 2. c4 e6 3. Nc3 Nf6 4. Bg5 Nbd7 5. e3 dxc4 6. Bxc4 Bb4 7. Nf3 0-0 8. 0-0 b6 9. Rc1 Bb7 10. a3 Bd6 11. Be2 h6 12. Bh4 Qe8 13. Nb5 Bxf3 14. Bxf3 Rc8 15. Nxa7 Rb8 16. Nb5 Be7 17. Nxc7 Qd8 18. Bg3 Nh7 19. Na6 Rc8 20. Bc7 Qe8 21. Bb7 Rxc7 22. Nxc7 Qd8 23. g3 Bd6 24. Nb5 Bb8 25. Rc8 Qg5 26. Rxf8+ Nhxf8 27. Qc2 Nf6 28. Qc8 Bxg3 29. hxg3 Qxb5 30. Qc3 Qh5 31. Qd2 Qg6 32. Qb4 Qh5 33. Kg2 Ng4 34. Rh1 Qf5 35. Qd2 e5 36. dxe5 Nxe5 37. Qd5 Qf6 38. Qd4 Ne6 39. Qxb6 Nd3 40. Bf3 Ne5 41. Be4 Nd7 42. Qb7 Ndf8 43. Qc6 Qxb2 44. a4 Qb4 45. Rb1 Qe7 46. a5 Ng5 47. Qb7 Qe6 48. a6 Nxe4 49. a7 Qf5 50. f3 Ng5 51. Qb2 Qxf3+ 52. Kh2 Qh5+ 53. Kg1 Qf3 54. Kh2 Qh5+ 1/2-1/2